History of urban form : (Record no. 95949)
[ view plain ]
| 000 -LEADER | |
|---|---|
| fixed length control field | 00633pam a2200217 a 4500 |
| 001 - CONTROL NUMBER | |
| control field | 616185 |
| 005 - DATE AND TIME OF LATEST TRANSACTION | |
| control field | 20170731100720.0 |
| 008 - FIXED-LENGTH DATA ELEMENTS--GENERAL INFORMATION | |
| fixed length control field | 920824s1994 enkab b 001 0 eng |
| 020 ## - INTERNATIONAL STANDARD BOOK NUMBER | |
| International Standard Book Number | 0582301548 |
| 040 ## - CATALOGING SOURCE | |
| Transcribing agency | PK-LaUMT |
| 082 00 - DEWEY DECIMAL CLASSIFICATION NUMBER | |
| Classification number | 711.409 |
| Edition number | 20 |
| Item number | MOR-H |
| 100 1# - MAIN ENTRY--PERSONAL NAME | |
| Personal name | Morris, A. E. J. |
| 245 10 - TITLE STATEMENT | |
| Title | History of urban form : |
| Remainder of title | before the industrial revolutions / |
| Statement of responsibility, etc | A.E.J. Morris |
| 250 ## - EDITION STATEMENT | |
| Edition statement | 3rd ed. |
| 260 ## - PUBLICATION, DISTRIBUTION, ETC. (IMPRINT) | |
| Place of publication, distribution, etc | London : |
| Name of publisher, distributor, etc | Routledge, |
| Date of publication, distribution, etc | 1994. |
| 300 ## - PHYSICAL DESCRIPTION | |
| Extent | xii, 444 p. : |
| Other physical details | ill. maps ; |
| Dimensions | 25 cm. |
| 650 #0 - SUBJECT ADDED ENTRY--TOPICAL TERM | |
| Topical term or geographic name as entry element | City planning |
| General subdivision | History. |
| 650 #0 - SUBJECT ADDED ENTRY--TOPICAL TERM | |
| Topical term or geographic name as entry element | Cities and towns, Ancient. |
| 650 #0 - SUBJECT ADDED ENTRY--TOPICAL TERM | |
| Topical term or geographic name as entry element | Cities and towns, Medieval. |
| 942 ## - ADDED ENTRY ELEMENTS (KOHA) | |
| Koha item type | Books |
| Withdrawn status | Lost status | Damaged status | Home library | Current library | Date acquired | Full call number | Barcode | Date last seen | Price effective from | Koha item type |
|---|---|---|---|---|---|---|---|---|---|---|
| UMT Main Campus | UMT Main Campus | 2017-07-31 | 711.409 MOR-H | 111567 | 2025-09-29 | 2017-07-31 | Books |
